| 000 | 00642nam a2200241Ia 4500 | ||
|---|---|---|---|
| 999 |
_c54397 _d54397 |
||
| 001 | 21453 | ||
| 003 | GE_BSU | ||
| 005 | 20211111150735.0 | ||
| 008 | 181216s1990||||enk|||||||||||||| ||eng|| | ||
| 020 | _a9783878607106 | ||
| 040 | _cGE_BSU | ||
| 080 | _a2-1 A-12 | ||
| 100 |
_aAbd-Ru-Shin _912901 |
||
| 245 |
_aIm Lichte Der Wahrheit : _bGralbotschaft / _cAbd-Ru-Shin. |
||
| 264 |
_aStuttgart : _bStiftung Gralsbotschaft, _c1990. |
||
| 300 |
_a1097 p. ; _c24 cm. |
||
| 541 | _h15 Gel. | ||
| 653 | _aIm Lichte Der Wahrheit | ||
| 653 | _aGralbotschaft | ||
| 653 | _aРелигия | ||
| 653 | _aრელიგია | ||
| 942 |
_cBK _2udc |
||